Library Banner

The Pakistan issue (Record no. 72278)

MARC details
000 -LEADER
fixed length control field 00348nam a22001337a 4500
005 - DATE AND TIME OF LATEST TRANSACTION
control field 20150527102904.0
008 - FIXED-LENGTH DATA ELEMENTS--GENERAL INFORMATION
fixed length control field 150527b xxu||||| |||| 00| 0 eng d
040 ## - CATALOGING SOURCE
Transcribing agency PK-LaUMT
082 ## - DEWEY DECIMAL CLASSIFICATION NUMBER
Classification number KHC 954.035
Item number PAK-
245 ## - TITLE STATEMENT
Title The Pakistan issue
Statement of responsibility, etc Nazir Yar Jung(Editor)
260 ## - PUBLICATION, DISTRIBUTION, ETC. (IMPRINT)
Place of publication, distribution, etc Lahore
Name of publisher, distributor, etc Islamic book service
Date of publication, distribution, etc 1984
300 ## - PHYSICAL DESCRIPTION
Extent 159 p.
942 ## - ADDED ENTRY ELEMENTS (KOHA)
Koha item type Books
Holdings
Withdrawn status Lost status Damaged status Home library Current library Date acquired Full call number Barcode Date last seen Price effective from Koha item type
      UMT Main Campus UMT Main Campus 2015-05-27 KHC 954.035 PAK- 73714 2015-05-27 2015-05-27 Books